AH International Schools' Libraries

Angry Birds Star Wars: Path to the Pork Side / (Record no. 48796)

MARC details
000 -LEADER
fixed length control field 00723nam a2200133 4500
020 ## - INTERNATIONAL STANDARD BOOK NUMBER
International Standard Book Number 9781409343998
100 ## - MAIN ENTRY--PERSONAL NAME
Personal name O'Hara, Scarlett,
Relator term author.
9 (RLIN) 86216
245 ## - TITLE STATEMENT
Title Angry Birds Star Wars: Path to the Pork Side /
Statement of responsibility, etc by Scarlett O'Hara.
260 ## - PUBLICATION, DISTRIBUTION, ETC. (IMPRINT)
Name of publisher, distributor, etc Dorling Kindersley Publishers Ltd. ;
Date of publication, distribution, etc 2013.
300 ## - PHYSICAL DESCRIPTION
Extent 32 pages.
Dimensions 6.1 x 0.31 x 9.21 inches.
490 ## - SERIES STATEMENT
Series statement star wars
520 ## - SUMMARY, ETC.
Summary, etc "Angry Birds Star Wars II" will be coming to an app store near you on September 19, 2013!<br/><br/>Can Redkin Skywalker resist the tempting power of the Pork Side? Find out all about the young Jedi Bird in this fun-filled Level 2 Reader from DK. Meet the brave Jedi Birds and their newest recruit, who may not be all he seems!<br/>
942 ## - ADDED ENTRY ELEMENTS (KOHA)
Source of classification or shelving scheme
Koha item type Book
Holdings
Withdrawn status Lost status Source of classification or shelving scheme Damaged status Not for loan Home library Current library Date acquired Total Checkouts Full call number Barcode Date last seen Date checked out Price effective from Koha item type Public note
          Logos International School Logos International School 04/02/2025 8 X STA 040594 03/12/2026 03/06/2026 04/02/2025 Book Basket 6

For any Logos Library related questions please contact Miss Art at swongnarasuk@asianhope.org.

For any Asian Hope Library related questions please contact Miss Raza at graza@asianhope.org.

Powered by Koha